000 00478nam a2200169Ia 4500
008 220204s9999 xx 000 0 und d
020 _a0471273988
082 _a577.213.32
_bAMA
100 _aAmaratunga, Dhammika
245 0 _aExploration and analysis of DNA microarray and protein array data
260 _aNew Jersey
_bJohn Wiley & SOns
_c2004
650 _aDNA microarrays
650 _aGenomics
650 _aProtein arrays
700 _aCabrera, Javier
942 _cBK
999 _c42366
_d42366